Joueurs autrichiens sélectionnés à l'Euro 2024 - Statistiques

Statistiques générales
  • Ce quiz a été pris 3 fois
  • Le résultat moyen est 15 sur 28
Statistiques - réponses
Poste Club Numéro Joueur % Correct
Milieu de terrain RB Leipzig (Allemagne) 19 Christoph Baumgartner
100%
Joueur blessé présent avec le staff Real Madrid (Espagne) - David Alaba
100%
Défenseur Feyenoord Rotterdam (Pays-Bas) 3 Gernot Trauner
100%
Défenseur RC Lens (France) 4 Kevin Danso
100%
Milieu de terrain Bayern Munich (Allemagne) 20 Konrad Laimer
100%
Milieu de terrain Borussia Dortmund (Allemagne) 9 Marcel Sabitzer
100%
Attaquant Inter Milan (Italie) 7 Marko Arnautovic
100%
Milieu de terrain RB Leipzig (Allemagne) 6 Nicolas Seiwald
100%
Défenseur Bologne FC (Italie) 5 Stefan Posch
100%
Milieu de terrain TSG 1899 Hoffenheim (Allemagne) 10 Florian Grillitsch
67%
Milieu de terrain FC Cologne (Allemagne) 17 Florian Kainz
67%
Défenseur Borussia Mönchengladbach (Allemagne) 2 Maximilian Wöber
67%
Attaquant SC Fribourg (Allemagne) 11 Michael Gregoritsch
67%
Gardien Brøndby IF (Danemark) 13 Patrick Pentz
67%
Défenseur VfL Wolfsburg (Allemagne) 23 Patrick Wimmer
67%
Défenseur SC Fribourg (Allemagne) 15 Philipp Lienhart
67%
Défenseur FSV Mayence 05 (Allemagne) 16 Phillipp Mwene
67%
Sélectionneur - - Ralf Rangnick
67%
Milieu de terrain Rapid Vienne (Autriche) 26 Marco Grüll
33%
Milieu de terrain Sturm Graz (Autriche) 8 Alexander Prass
0%
Attaquant West Bromwich Albion (Angleterre) 24 Andreas Weimann
0%
Défenseur RB Salzbourg (Autriche) 21 Flavius Daniliuc
0%
Gardien Union Saint-Gilloise (Belgique) 1 Heinz Lindner
0%
Défenseur Rapid Vienne (Autriche) 14 Leopold Querfeld
0%
Milieu de terrain Rapid Vienne (Autriche) 22 Matthias Seidl
0%
Attaquant TSV Hartberg (Autriche) 25 Maximilian Entrup
0%
Gardien Rapid Vienne (Autriche) 12 Niklas Hedl
0%
Milieu de terrain Werder Brême (Allemagne) 18 Romano Schmid
0%
Aucun quiz correspondant
Distribution des résultats
% des personnes avec chaque résultat
Percentile par nombre de réponses
Votre historique - résultats
Vous n’avez pas pris ce quiz